• 首页
  • 本馆介绍
  • 公告通知
  • 最新文献
  • 馆藏检索
  • 电子资源
  • 读者导购
  • 参考咨询
  • 我的图书馆
  • 登录
  • 详细信息显示
  • 放入我的书架
  • 预约/预借图书
  • 作者相关作品
  • 分类相关作品
  • 丛书相关作品
  • 出版社相关作品

书目信息

  • 表格格式
  • 工作单格式
  • 卡片格式
题名:
世界通史
    
 
作者: 晏绍祥 , 李隆庆 编著
分册:   古代中世纪卷
出版信息: 武汉   华中师范大学出版社  2006
页数: 369页
开本: 23cm
丛书名:
单 册:
中图分类: K10 , K12
科图分类:
主题词: 世界史--高等学校--教材 , 世界史--古代史--高等学校--教材 , 世界史--中世纪史--高等学校--教材
电子资源:
ISBN: 7-5622-3363-2
000 01126nam0 2200289 450
001 1574279314
005 20150122090035.45
010    @a7-5622-3363-2@dCNY36.00
100    @a20061011d2006 em y0chiy50 ea
101 0  @achi
102    @aCN@b420000
105    @ay z 000yy
200 1  @a世界通史@9shi jie tong shi@i古代中世纪卷@f晏绍祥,李隆庆编著
210    @a武汉@c华中师范大学出版社@d2006
215    @a369页@d23cm
300    @a“华大博雅”历史学系列教材/马敏总主编
300    @a华中师范大学出版基金资助出版
330    @a本书全为三编;上编为人类的原始时期,主要叙述人类从动物界分离出来,最终转变为现代人的历史;中编为早期文明和古典时代,叙述农耕文明在世界各地的发源步发展,以及古代各大文明鼎盛时期的成就;下编为划分为地区的世界,叙述人类从约公元500年至约公元1500年历史发展。
606 0  @a世界史@x高等学校@j教材
606 0  @a世界史@x古代史@x高等学校@j教材
606 0  @a世界史@x中世纪史@x高等学校@j教材
690    @aK10@v5
690    @aK12@v5
701  0 @a晏绍祥@9yan shao xiang@f(1962~)@4编著
701  0 @a李隆庆@9li long qing@f(1943.6~)@4编著
801  0 @aCN@bTSSF@c20150122
905    @aZUCC@dK10@eJY54
    
    世界通史.古代中世纪卷/晏绍祥,李隆庆编著.-武汉:华中师范大学出版社,2006
    369页;23cm
    “华大博雅”历史学系列教材/马敏总主编.-华中师范大学出版基金资助出版
    
    ISBN 7-5622-3363-2:CNY36.00
    本书全为三编;上编为人类的原始时期,主要叙述人类从动物界分离出来,最终转变为现代人的历史;中编为早期文明和古典时代,叙述农耕文明在世界各地的发源步发展,以及古代各大文明鼎盛时期的成就;下编为划分为地区的世界,叙述人类从约公元500年至约公元1500年历史发展。
●
相关链接 在E读中查询图书 在五车中查询图书 在当当中查询图书 在豆瓣中查询图书


正题名:世界通史     索取号:K10/JY54         预约/预借

序号 登录号 条形码 馆藏地/架位号 状态 备注
1 7841898   278418981   学院路分馆/ [索取号:K10/JY54] 在馆    
2 7856395   278563957   学院路分馆/ [索取号:K10/JY54] 在馆    
唐山师范学院图书馆 欢迎您!
大连网信软件有限公司© 版权所有